000 00330nam a2200133Ia 4500
008 240624s9999 xx 000 0 und d
041 _aeng
082 _a169 GEN
100 _aGENTNER DEDRE
245 _aANALOGICAL MIND PERSPECTIVES FROM COGNIT
260 _c2001
_ascience
_bThe MIT Press
300 _a541 : p.
365 _c
_b30
999 _c16533
_d16533